|
|
|
|
| LEADER |
00000nam a22000007a 4500 |
| 005 |
20220824225455.0 |
| 007 |
cr|||| |||| |
| 008 |
220824s2021 pe |||||s|||| 00||0 spa d |
| 020 |
|
|
|a 9786123252298
|
| 035 |
|
|
|a 36956
|
| 040 |
|
|
|a vLex
|
| 090 |
|
|
|c 13821
|d 13821
|
| 100 |
1 |
|
|a Garca̕ Amado, Juan Antonio
|
| 245 |
1 |
0 |
|a Debates iusfilosf̤icos
|h [Recurso electrn̤ico] :
|b Sobre ponderacin̤, positivismo jurd̕ico y objetivismo moral /
|c Juan Antonio Garca̕ Amado, Manuel Atienza
|
| 256 |
|
|
|a Servicio en ln̕ea
|
| 260 |
|
|
|a Lima:
|b Palestra Editores,
|c 2021
|
| 300 |
|
|
|a 1 recurso electrn̤ico
|
| 500 |
|
|
|a El presente volumen ren︢e algunos breves textos en los que los dos autores se aventuran a un debate acadm̌ico en torno a tres temas de particular relevancia para la filosofa̕ del derecho: la ponderacin̤, el positivismo jurd̕ico y el objetivismo moral. El resultado de este intercambio no solo nos deja a conocer los principales argumentos de cada uno de los expositores, sino un ejemplo de la centralidad y importancia de la argumentacin̤ jurd̕ica para dejar claros los consensos y disensos.
|
| 506 |
1 |
|
|a Disponible solo en los productos indicados
|d vLex Global
|d vLex Global (Academic Edition, excluding Law Schools)
|d vLex Global (U.S. Academic Edition, Law Schools)
|d vLex Global (U.S. Academic Edition, excluding Law Schools)
|d vLex Global (Academic Edition, Law Schools)
|
| 650 |
0 |
4 |
|a Derecho Militar
|z Per︢
|
| 650 |
0 |
4 |
|a Filosofa̕ y religin̤
|z Per︢
|
| 700 |
1 |
|
|a Atienza, Manuel
|
| 740 |
0 |
|
|a vLex Libros (Servicio en ln̕ea)
|
| 856 |
4 |
0 |
|u https://app.vlex.com/#/sources/36956
|z Acceso restringido
|
| 942 |
|
|
|c BOOK
|
| 999 |
0 |
|
|a Military Law
|
| 999 |
0 |
|
|a Philosophy and religion
|